[Event "VIE-chT"]
[Site "Hanoi"]
[Date "2023.04.22"]
[Round "7"]
[White "Nguyen, Tung Quan"]
[Black "Tran, Ngoc Lan"]
[Result "0-1"]
[WhiteElo "1434"]
[BlackElo "2163"]
[PlyCount "72"]
[EventDate "2023.04.18"]
[EventType "swiss"]
[EventRounds "9"]
[EventCountry "VIE"]
[SourceTitle "EXT 2024"]
[Source "ChessBase"]
[SourceDate "2023.10.10"]
[SourceVersion "1"]
[SourceVersionDate "2023.10.10"]
[SourceQuality "1"]

1. e4 Nf6 2. e5 Nd5 3. d4 d6 4. Nf3 Bg4 5. Be2 e6 6. c4 Nb6 7. Be3 Nc6 8. exd6 cxd6 9. 0-0 Be7 10. Nbd2 0-0 11. a4 a5 12. Qb3 Nb4 13. h3 Bh5 14. Rfe1 Rc8 15. Rac1 Nd7 16. Nh2 Bg6 17. f4 d5 18. Rf1 dxc4 19. Nxc4 Nf6 20. Ne5 Bc2 21. Rxc2 Nxc2 22. Bc4 Nxd4 23. Qxb7 Nf5 24. Bf2 Bc5 25. Nxf7 Bxf2+ 26. Rxf2 Qd1+ 27. Bf1 Qd4 28. Ng5 Rc2 29. Qf3 Rb8 30. Nxe6 Qxf2+ 31. Qxf2 Rxf2 32. Kxf2 Rxb2+ 33. Kg1 Ne3 34. Nc5 Nfd5 35. Nd3 Ra2 36. Nc5 Nxf4 0-1